Flying Blind (Record no. 3474)

MARC details
000 -LEADER
fixed length control field 00403nam a22001457a 4500
008 - FIXED-LENGTH DATA ELEMENTS--GENERAL INFORMATION
fixed length control field 250514b |||||||| |||| 00| 0 eng d
020 ## - INTERNATIONAL STANDARD BOOK NUMBER
ISBN 9780241455593
100 ## - MAIN ENTRY--AUTHOR
Author Robison, Peter
245 ## - TITLE STATEMENT
Title Flying Blind
Remainder of title The 737 max tragedy and the fall of boeing
260 ## - PUBLICATION, DISTRIBUTION, ETC. (IMPRINT)
Place of publication Dublin
Name of publisher Penguin Business
Date of publication 2021
300 ## - COLLATION
Pagination 327p.
650 ## - TRACINGS
Main Subject Boeing Company-Management
942 ## - ADDED ENTRY ELEMENTS (KOHA)
Item type Books
050 ## - LIBRARY OF CONGRESS CALL NUMBER
Classification number HD9711.U63
Item number .R63
Holdings
Source of classification or shelving scheme Not for loan Permanent location Current location Date acquired Accession No. Full call number Barcode. Koha item type
Library of Congress Classification   Samuel Ogbemudia Main Library, University of Abuja Samuel Ogbemudia Main Library, University of Abuja 05/14/2025 2024/63910 HD9711.U63.R63 2025-1941 Books